كتاب البيان المغرب في أخبار الأندلس و المغرب / (رقم التسجيلة. 73463)

تفاصيل مارك
000 -LEADER
fixed length control field 00754nam a22002297a 4500
005 - DATE AND TIME OF LATEST TRANSACTION
control field 20251108172223.0
008 - FIXED-LENGTH DATA ELEMENTS--GENERAL INFORMATION
fixed length control field 250721s1983 xx 000 0 ara d
082 14 - DEWEY DECIMAL CLASSIFICATION NUMBER
Classification number م/956.05/عذا
100 1# - MAIN ENTRY--PERSONAL NAME
Personal name المراكشي، إبن عذارى
245 10 - TITLE STATEMENT
Title كتاب البيان المغرب في أخبار الأندلس و المغرب /
250 ## - EDITION STATEMENT
Edition statement ط3
264 1# - PRODUCTION, PUBLICATION, DISTRIBUTION, MANUFACTURE, AND COPYRIGHT NOTICE
Place of production, publication, distribution, manufacture بيروت :
Name of producer, publisher, distributor, manufacturer دار الثقافة،
Date of production, publication, distribution, manufacture, or copyright notice 1983.
300 ## - PHYSICAL DESCRIPTION
Extent
490 0# - SERIES STATEMENT
Series statement سلسلة المكتبة الأندلسية ؛ 22 - 24
650 17 - SUBJECT ADDED ENTRY--TOPICAL TERM
Topical term or geographic name as entry element الأندلس
650 17 - SUBJECT ADDED ENTRY--TOPICAL TERM
Topical term or geographic name as entry element التاريخ
650 17 - SUBJECT ADDED ENTRY--TOPICAL TERM
Topical term or geographic name as entry element المغرب العربي
700 1# - ADDED ENTRY--PERSONAL NAME
Personal name كولان، ج . س
Relator term تحقيق
700 1# - ADDED ENTRY--PERSONAL NAME
Personal name بروفنسال، ليفي
Relator term تحقيق
942 ## - ADDED ENTRY ELEMENTS (KOHA)
Source of classification or shelving scheme Dewey Decimal Classification
Koha item type مراجع
المقتنيات
حالة السحب حالة الفقدان مصدر التصنيف حالة التلف غير قابل للإعارة المكتبة الرئيسية المكتبة الحالية موقع الرف تاريخ التزويد الرقم المتسلسل Total Checkouts رقم الإستدعاء الباركود تاريخ آخر ظهور تاريخ الفاتورة نوع المادة (كوها)
    Dewey Decimal Classification   Not For Loan مكتبة الاميرة بديعة مكتبة الاميرة بديعة مراجع 24/06/2015 [1786]..   م/956.05/عذا PLD00333647 28/07/2025 24/06/2015 مراجع
    Dewey Decimal Classification   Not For Loan مكتبة الجويدة مكتبة الجويدة مراجع 22/05/2015 (1586)   م/956.05/عذا PLD00328035 28/07/2025 22/05/2015 مراجع
    Dewey Decimal Classification   Not For Loan مكتبة الجويدة مكتبة الجويدة مراجع 22/05/2015 (1587)   م/956.05/عذا PLD00328037 28/07/2025 22/05/2015 مراجع
    Dewey Decimal Classification   Not For Loan مكتبة الجويدة مكتبة الجويدة مراجع 22/05/2015 (1588)   م/956.05/عذا PLD00328038 28/07/2025 22/05/2015 مراجع
    Dewey Decimal Classification   Not For Loan مكتبة الجويدة مكتبة الجويدة مراجع 15/06/2015 [1585]   م/956.05/عذا PLD00331626 28/07/2025 15/06/2015 مراجع
    Dewey Decimal Classification   Not For Loan مكتبة صويلح العامة مكتبة صويلح العامة مراجع 10/10/2019 04890   م/956.05/عذا PLD00470979 28/07/2025 10/10/2019 مراجع
    Dewey Decimal Classification   Not For Loan مكتبة صويلح العامة مكتبة صويلح العامة مراجع 10/10/2019 04891   م/956.05/عذا PLD00470980 28/07/2025 10/10/2019 مراجع
    Dewey Decimal Classification   Not For Loan مكتبة صويلح العامة مكتبة صويلح العامة مراجع 10/10/2019 04892   م/956.05/عذا PLD00470981 28/07/2025 10/10/2019 مراجع
    Dewey Decimal Classification   Not For Loan مكتبة صويلح العامة مكتبة صويلح العامة مراجع 10/10/2019 04893   م/956.05/عذا PLD00470982 28/07/2025 10/10/2019 مراجع
Implemented & Customized by: BBB with SCIT (Smart Chains for Information Technology)

Powered by Koha